000 00392nam a2200145Ia 4500
008 240729s9999 xx 000 0 und d
022 _a2398-8819
245 0 _aIrish Journal of Occupational Therapy
260 _aUnited Kingdom
260 _bEmerald Publishing
650 _aMedicine
856 _uhttps://doaj.org/toc/98b7661326ab4b1fad69e3f566debb14
942 _2ddc
942 _cDOAJEJ
999 _c65604
_d65604
945 _a1
_bMadushi Gamage
_c1
_dMadushi Gamage